000 00251 a2200097 4500
001 59653
100 _a
245 _aTeaching of English; Modified Syllabus of B.T.C/B.ED (Basic), NTTof India
260 _aNew Delhi
_bAPH
_c2009
090 _c36527
_d36527
942 _aNUST-CAE
_c
_c29477
999 _c294726
_d294726